00593nam a2200121Ia 4500008004100000100002400041245015100065260006400216650001500280856008400295999001900379952007300398160712s9999 xx 000 0 und d aAbrams, Carlotta L. cCarlotta L. Abramsa“Uncle Never Knew”: Exploring Edwin Thumboo’s Poem—Cultural Adaptation, Immigration, and Family Ties in Southeast Asia c2015bJournal of English Studies and Comparative Literature xLITERATURE uhttp://journals.upd.edu.ph/index.php/jescl/issue/view/Special%20Edition/showToc c297057d297057 001040aCLbCLd2016-07-12l0r2016-07-12 00:00:00w2016-07-12yFEJ